Squid Game Characters-How Did They Die - Statistics

General Stats
  • This quiz has been taken 608 times
  • The average score is 9 of 15
Answer Stats
Question Answer % Correct
Player 230-Thanos/Choi Su-bong Stabbed in the neck by a fork
95%
Player 390/Park Jung-Bae Shot by The Frontman during the rebellion
86%
Player 196-Kang Mi-na Killed after getting spooked by a bee in Red Light,Green Light
85%
Player 095/Kim Young-mi Died after not finding a door in time during Mingle
82%
Player 256/Gyeong-su Died after getting kicked by Thanos during Mingle and not finding a room in time
81%
The Recruiter Lost Russian Roulette to Gi-hun
72%
Player 343/Sim Jae-seok Neck snapped by Hwang In-Ho
68%
Player 380/Se-mi Stabbed to death during Lights Out
66%
Kim Jeong-rae Shot by The Recruiter
59%
Player 047/Kwon Byeong-su Shot in the back by Hwang In-ho
45%
Player 444/Kim Nam-du Shot in the leg and head during Red Light,Green Light
42%
Player 313 Shot after having not enough people in his room during Mingle
35%
Player 198/Jang Do-yeong Shot in coffin after his team failed to reach the finish line during the Pentathlon
32%
Player 283/Lee Eun-ju Killed after running for the doors in Red Light,Green Light
27%
Player 050 Shot after having not enough people in his room during Mingle
26%
No matching quizzes found
Score Distribution
Percent of People with Each Score
Percentile by Number Answered
Your Score History
You have not taken this quiz